| 000 | 00416nam a2200145 4500 | ||
|---|---|---|---|
| 020 | _a968-880-948-9 | ||
| 050 | _aHF5415 K67618 | ||
| 082 | _a658.8 K87f | ||
| 100 | _aKloter, Philip | ||
| 245 | _aFundamentos de Mercadotecnia / Philip Kloter | ||
| 260 | _aMexico : Prentice-Hall | ||
| 300 | _a585p. / 26 cm. | ||
| 650 | _a1. MERCADOTECNIA \ 2. EL PROCESO DE LA MERCADOTECNIA | ||
| 700 | _aI. Armstrong, Gary, Coaut. | ||
| 999 |
_c23771 _d23771 |
||